Vyradenie zásob – vplyv na daň z príjmov, DPH a účtovníctvo

Článok sa venuje zásobám v podnikaní. Pri posudzovaní zásob, ich obstarania alebo vyskladnenia je dôležité vedieť, že iné parametre a predpoklady platia z pohľadu účtovníctva a inak ich posudzuje a limituje daňová legislatíva. Oba právne predpisy, či už účtovný alebo daňový predpis, sú rovnako dôlež...

Descrizione completa

Salvato in:
Dettagli Bibliografici
Autore principale: Jašurková, Katarína
Natura: Capitolo di libro
Lingua:slovacco
Soggetti:
Tags: Aggiungi Tag
Nessun Tag, puoi essere il primo ad aggiungerne!!

MARC

LEADER 00000naa a2200000 4500
001 0314573
005 20260127134138.6
041 0 |a slo 
044 |a SK 
245 1 0 |a Vyradenie zásob – vplyv na daň z príjmov, DPH a účtovníctvo  |c Katarína Jašurková 
520 |a Článok sa venuje zásobám v podnikaní. Pri posudzovaní zásob, ich obstarania alebo vyskladnenia je dôležité vedieť, že iné parametre a predpoklady platia z pohľadu účtovníctva a inak ich posudzuje a limituje daňová legislatíva. Oba právne predpisy, či už účtovný alebo daňový predpis, sú rovnako dôležité. 
610 2 0 |a účtovníctvo daňové 
610 2 0 |a zásoby 
610 2 0 |a udržovanie zásob 
610 2 0 |a dane z príjmov 
610 2 0 |a dane z hodnoty pridanej 
610 2 0 |a zákony 
610 2 0 |a postupy účtovné 
100 1 |a Jašurková, Katarína